000 00419nam a2200169Ia 4500
003 GCL
008 140319s9999 xx 000 0 ara d
040 _aGCL /
_cGCL
082 0 4 _aط
_b813.087
_bف ف
100 1 _aفاروق سلوم
245 1 0 _aفتاة الاخطار /
_cفاروق سلوم
300 _a64 ص
490 _a
650 0 4 _aالاطفال
650 0 4 _aقصص الاطفال
942 _2ddc
_cBK
999 _c46236
_d46236